[Event "XXVI. Rhein-Main-Open, Gruppe B"]
[Site "Bad Homburg vor der Höhe"]
[Date "2024.05.30"]
[Round "4"]
[White "Lopez Fuertes, Victor"]
[Black "Bahlo, Jens"]
[Result "1/2-1/2"]
[WhiteElo "1748"]
[BlackElo "1888"]
[PlyCount "88"]
[EventDate "2024.??.??"]
[WhiteTeam "SC 1910 Höchst"]
[BlackTeam "SK 1858 Gießen"]

1. e4 Nc6 2. d4 d5 3. e5 Bf5 4. a3 e6 5. Ne2 f6 6. Bf4 Nge7 7. Bg3 fxe5 8. dxe5 h5 9. f4 Qd7 10. c3 O-O-O 11. Nd4 h4 12. Bf2 Kb8 13. Bb5 g5 14. Nxc6+ Nxc6 15. Qa4 a6 16. Bxc6 Qxc6 17. Qxc6 bxc6 18. fxg5 Bg7 19. Nd2 h3 20. gxh3 Bxh3 21. Bd4 c5 22. Bxc5 Bxe5 23. Bd4 Bxd4 24. cxd4 Bg2 25. Rg1 Rxh2 26. O-O-O Rg8 27. Nf1 Bxf1 28. Rdxf1 Rh5 29. g6 Rf5 30. Re1 Rf6 31. g7 Kb7 32. Rg3 Rf7 33. Rxe6 Rgxg7 34. Rb3+ Ka7 35. Rd3 Rf1+ 36. Kc2 Rg2+ 37. Rd2 Rg4 38. Re3 a5 39. Kb3 Kb6 40. Re6+ c6 41. Rc2 a4+ 42. Kxa4 Rxd4+ 43. Kb3 Rf3+ 44. Ka2 Rc4 1/2-1/2

[Event "XXVI. Rhein-Main-Open, Gruppe B"]
[Site "Bad Homburg vor der Höhe"]
[Date "2024.06.01"]
[Round "5"]
[White "Arnold, Michael"]
[Black "Winter, Thomas"]
[Result "1-0"]
[WhiteElo "1829"]
[BlackElo "1624"]
[PlyCount "99"]
[EventDate "2024.??.??"]
[WhiteTeam "SK Langen"]
[BlackTeam "SV Oberursel"]

1. d4 d6 2. Nf3 Nf6 3. e3 g6 4. Bd3 Bg7 5. Nbd2 O-O 6. O-O Nbd7 7. c3 Re8 8. e4 e5 9. d5 Nc5 10. Bc2 a5 11. b3 b6 12. b4 axb4 13. cxb4 Ncd7 14. Ba4 Rb8 15. Bc6 Bb7 16. Qc2 Bxc6 17. dxc6 Nf8 18. b5 Ne6 19. a4 Nc5 20. Ba3 Ra8 21. Bxc5 bxc5 22. Rfb1 Ra5 23. Nc4 Ra7 24. a5 d5 25. b6 cxb6 26. axb6 Rxa1 27. Rxa1 dxc4 28. b7 Qb8 29. Ra8 Qc7 30. Qb1 Rb8 31. Qa1 Bf8 32. Rxb8 Qxb8 33. Qa8 Bd6 34. Qa5 Nxe4 35. Qe1 f5 36. Qe2 Kf8 37. Qxc4 Qc7 38. Qe6 Qb6 39. h4 c4 40. Qc8+ Kg7 41. Ng5 Qxf2+ 42. Kh1 Qxh4+ 43. Nh3 Qe7 44. b8=Q Bxb8 45. Qxb8 Nd6 46. c7 Qe6 47. Qd8 c3 48. Qxd6 Qc4 49. Qe7+ Kh6 50. Qf8+ 1-0

[Event "XXVI. Rhein-Main-Open, Gruppe B"]
[Site "Bad Homburg vor der Höhe"]
[Date "2024.06.01"]
[Round "5"]
[White "Bahlo, Jens"]
[Black "Beier, Claus Christian"]
[Result "1-0"]
[WhiteElo "1888"]
[BlackElo "1674"]
[PlyCount "97"]
[EventDate "2024.??.??"]
[WhiteTeam "SK 1858 Gießen"]
[BlackTeam "SK Bad Homburg 1927"]

1. e4 e6 2. Qe2 d5 3. exd5 Qxd5 4. Nf3 Nf6 5. Nc3 Qa5 6. g3 Bd7 7. Ne5 Nc6 8. Nxd7 Nxd7 9. Bg2 Nd4 10. Qe4 Qe5 11. Kd1 Qxe4 12. Nxe4 c6 13. c3 Nf5 14. d4 Nd6 15. f3 Rd8 16. Kc2 e5 17. dxe5 Nxe5 18. Re1 Ke7 19. Nxd6 Kxd6 20. Bf4 f6 21. Rad1+ Kc7 22. Rxd8 Kxd8 23. Bxe5 fxe5 24. Rxe5 Bd6 25. Re6 Kd7 26. Bh3 Kc7 27. Kd3 Rd8 28. Ke2 Rd7 29. f4 Bc5 30. Re5 Re7 31. Rxe7+ Bxe7 32. Kf3 Kd6 33. Ke4 Bd8 34. Bf1 Bb6 35. g4 Bg1 36. h3 Bf2 37. Bc4 Bh4 38. Kf5 Ke7 39. g5 h6 40. gxh6 gxh6 41. Kg4 Bf6 42. Kh5 Bg7 43. Kg6 Bf8 44. f5 b5 45. f6+ Ke8 46. Be6 c5 47. Bd5 Kd7 48. Kf7 Bd6 49. Kg8 1-0

[Event "XXVI. Rhein-Main-Open, Gruppe B"]
[Site "Bad Homburg vor der Höhe"]
[Date "2024.06.01"]
[Round "5"]
[White "Beier, Martin"]
[Black "Nahler, Michael"]
[Result "1/2-1/2"]
[WhiteElo "1602"]
[BlackElo "1884"]
[PlyCount "27"]
[EventDate "2024.??.??"]
[WhiteTeam "SK Bad Homburg 1927"]
[BlackTeam "SV Oberursel"]

1. e4 e5 2. Nf3 Nf6 3. Nxe5 d6 4. Nf3 Nxe4 5. Qe2 Qe7 6. d3 Nf6 7. Bg5 Be6 8. Nc3 Nc6 9. g3 O-O-O 10. Bg2 h6 11. Be3 d5 12. d4 g5 13. O-O-O Bg7 14. Ne5 1/2-1/2

[Event "XXVI. Rhein-Main-Open, Gruppe B"]
[Site "Bad Homburg vor der Höhe"]
[Date "2024.06.01"]
[Round "5"]
[White "Benz, Juergen"]
[Black "Kellermann, Friedrich"]
[Result "1-0"]
[WhiteElo "1666"]
[BlackElo "1633"]
[PlyCount "83"]
[EventDate "2024.??.??"]
[WhiteTeam "SK Bad Homburg 1927"]
[BlackTeam "SC Hilchenbach"]

1. d4 Nf6 2. c4 e6 3. Nc3 d5 4. Bf4 Bd6 5. Qd2 O-O 6. Nf3 b6 7. Ne5 Bb7 8. Nb5 a6 9. Nxd6 cxd6 10. Nf3 dxc4 11. Qc3 b5 12. Bg5 Nbd7 13. Nd2 h6 14. Bh4 Qc7 15. f3 Nd5 16. Qc1 Rac8 17. e4 Nb4 18. Qc3 a5 19. Be2 Nb6 20. O-O Na4 21. Qc1 Nd3 22. Bxd3 cxd3 23. Nb3 Qxc1 24. Raxc1 Rc2 25. Rxc2 dxc2 26. Be7 Rc8 27. Bxd6 Nxb2 28. Nc5 Nd1 29. Bf4 e5 30. Bc1 exd4 31. Nxb7 d3 32. Nxa5 d2 33. Bxd2 c1=Q 34. Bxc1 Rxc1 35. Nb3 Rb1 36. Re1 Nc3 37. Rxb1 Nxb1 38. Kf1 b4 39. Ke1 Nc3 40. Nc1 Kf8 41. Kd2 Na4 42. Kd3 1-0

[Event "XXVI. Rhein-Main-Open, Gruppe B"]
[Site "Bad Homburg vor der Höhe"]
[Date "2024.06.01"]
[Round "5"]
[White "Bezsonna, Polina"]
[Black "Francke, Helmut"]
[Result "1/2-1/2"]
[WhiteElo "1788"]
[BlackElo "1895"]
[PlyCount "36"]
[EventDate "2024.??.??"]
[WhiteTeam "SK Bad Homburg 1927"]
[BlackTeam "SC Bad Nauheim"]

1. e4 c5 2. Nf3 d6 3. d4 cxd4 4. Nxd4 Nf6 5. Nc3 g6 6. Be3 Bg7 7. f3 O-O 8. Qd2 Nc6 9. g4 Be6 10. Nxe6 fxe6 11. O-O-O Ne5 12. Be2 Rc8 13. Bd4 Qa5 14. Kb1 Nc4 15. Bxc4 Rxc4 16. Ne2 Qxd2 17. Rxd2 Bh6 18. Rd3 b6 1/2-1/2

[Event "XXVI. Rhein-Main-Open, Gruppe B"]
[Site "Bad Homburg vor der Höhe"]
[Date "2024.06.01"]
[Round "5"]
[White "Bigott, Martin"]
[Black "Fang, Borui"]
[Result "1-0"]
[WhiteElo "1885"]
[BlackElo "1740"]
[PlyCount "37"]
[EventDate "2024.??.??"]
[WhiteTeam "SK Köln-Südwest"]
[BlackTeam "SV Oberursel"]

1. g3 d5 2. Bg2 Nf6 3. Nf3 c5 4. d4 e6 5. O-O Nc6 6. c3 Be7 7. Bg5 Ne4 8. Bxe7 Qxe7 9. Nbd2 f5 10. e3 c4 11. Nxe4 fxe4 12. Nd2 e5 13. b3 b5 14. a4 exd4 15. axb5 dxe3 16. Qh5+ Kd8 17. Qxd5+ Kc7 18. Qxc6+ Kb8 19. Bxe4 1-0

[Event "XXVI. Rhein-Main-Open, Gruppe B"]
[Site "Bad Homburg vor der Höhe"]
[Date "2024.06.01"]
[Round "5"]
[White "Clement, Marc"]
[Black "Nikonenko, Tymofii"]
[Result "1-0"]
[WhiteElo "1659"]
[BlackElo "1230"]
[PlyCount "61"]
[EventDate "2024.??.??"]
[WhiteTeam "Altonaer SK von 1873 e.V"]
[BlackTeam "SV Oberursel"]

1. e4 e5 2. Nf3 Nc6 3. d4 exd4 4. Nxd4 Bc5 5. Nb3 Bb6 6. Nc3 d6 7. Qe2 h6 8. Be3 Nf6 9. f3 Bd7 10. O-O-O a5 11. Bxb6 cxb6 12. Nb5 O-O 13. a4 Ne8 14. h4 Qe7 15. Qe3 Ra6 16. g4 Be6 17. N5d4 Ra8 18. Nxc6 bxc6 19. Qxb6 Nf6 20. g5 hxg5 21. hxg5 Nxe4 22. fxe4 Qxg5+ 23. Kb1 d5 24. Qd4 Qf4 25. Bd3 dxe4 26. Nc5 Bd5 27. Nxe4 f5 28. Nf6+ Rxf6 29. Qxf4 Bxh1 30. Rxh1 Raf8 31. Bc4+ 1-0

[Event "XXVI. Rhein-Main-Open, Gruppe B"]
[Site "Bad Homburg vor der Höhe"]
[Date "2024.06.01"]
[Round "5"]
[White "Fischer, Frederik"]
[Black "Lebermann, Hellmuth"]
[Result "0-1"]
[WhiteElo "1616"]
[BlackElo "1909"]
[PlyCount "74"]
[EventDate "2024.??.??"]
[WhiteTeam "SV Oberursel"]
[BlackTeam "SK Bad Homburg 1927"]

1. c4 e5 2. Nc3 d6 3. Nf3 f5 4. d3 Nf6 5. e4 Be7 6. Be2 O-O 7. O-O Nc6 8. Ne1 f4 9. Nc2 Qe8 10. d4 Qg6 11. d5 Nd8 12. Bf3 Nf7 13. Qe2 Ng5 14. Ne1 Nxf3+ 15. Nxf3 Nh5 16. Kh1 Qh6 17. c5 g5 18. cxd6 cxd6 19. Qc4 Kh8 20. Qc7 Bd8 21. Qc4 g4 22. Ng1 g3 23. h3 gxf2 24. Rxf2 Bh4 25. Rf3 Qg6 26. Nb5 Rg8 27. Qc2 Ng3+ 28. Kh2 Nxe4 29. Nc3 Bf5 30. Qe2 Qg3+ 31. Kh1 Nf2+ 32. Qxf2 Qxf2 33. Rxf2 Bxf2 34. Nge2 Rg6 35. Bxf4 exf4 36. Nxf4 Rh6 37. Rf1 Bc5 0-1

[Event "XXVI. Rhein-Main-Open, Gruppe B"]
[Site "Bad Homburg vor der Höhe"]
[Date "2024.06.01"]
[Round "5"]
[White "Friedel, Thomas"]
[Black "Hasenpflug, Till"]
[Result "1-0"]
[WhiteElo "1674"]
[BlackElo "1633"]
[PlyCount "259"]
[EventDate "2024.??.??"]
[WhiteTeam "SV 1946 Groß-Gerau"]
[BlackTeam "SK Bad Homburg 1927"]

1. Nf3 d5 2. d4 Bf5 3. c4 e6 4. Nc3 c6 5. Bf4 Qb6 6. Qb3 Qxb3 7. axb3 Nd7 8. c5 Ngf6 9. e3 Nh5 10. Be5 Nxe5 11. Nxe5 Nf6 12. Bd3 Bxd3 13. Nxd3 Nd7 14. O-O Be7 15. b4 O-O 16. b5 e5 17. bxc6 bxc6 18. dxe5 Bxc5 19. Nxc5 Nxc5 20. f4 Rfb8 21. Ra5 Nb3 22. Ra6 Rb6 23. Rxb6 axb6 24. Rd1 Kf8 25. Kf2 Ke7 26. Ke2 Ke6 27. Kd3 Rd8 28. Kc2 Na5 29. b3 Rd7 30. Na4 Rb7 31. Rd4 c5 32. Rd1 Nc6 33. Nc3 Nb4+ 34. Kb2 Rc7 35. Nb5 Rd7 36. Nc3 Nc6 37. Na4 Rb7 38. Nc3 d4 39. exd4 Nxd4 40. Ne4 h6 41. g3 Kd5 42. Nc3+ Kc6 43. Ne4 Re7 44. b4 f6 45. bxc5 bxc5 46. Rc1 Kd5 47. Nc3+ Ke6 48. exf6 Kxf6 49. Nd5+ Ke6 50. Nxe7 Kxe7 51. Rxc5 Nf3 52. h4 Kf6 53. Kc3 g5 54. hxg5+ hxg5 55. fxg5+ Nxg5 56. Kd3 Kg6 57. Ke3 Kf6 58. Ra5 Kg6 59. Kf4 Ne6+ 60. Kg4 Kf7 61. Rd5 Kf6 62. Kh4 Ng7 63. Rd6+ Ke5 64. Ra6 Nf5+ 65. Kg4 Ne3+ 66. Kg5 Nc4 67. g4 Ne3 68. Ra5+ Ke6 69. Ra3 Nc4 70. Rf3 Ke7 71. Rf4 Nd6 72. Kg6 Ke8 73. Rf6 Nc8 74. Kg7 Ke7 75. g5 Kd7 76. g6 Ke7 77. Rf7+ Ke6 78. Kf8 Nd6 79. Rf6+ Kxf6 80. g7 Ne4 81. g8=Q Nd6 82. Qg7+ Ke6 83. Qe7+ Kd5 84. Qd7 Ke5 85. Ke7 Nf5+ 86. Kf7 Nd6+ 87. Kg6 Ne4 88. Qc6 Nd6 89. Qd7 Ne4 90. Qb5+ Kd4 91. Qb4+ Ke5 92. Qb2+ Kd5 93. Kf5 Nd6+ 94. Kf4 Nc4 95. Qc3 Nd6 96. Qe1 Nc4 97. Qd1+ Kc5 98. Qd3 Nd6 99. Ke5 Nc4+ 100. Ke6 Kb4 101. Qd4 Kb5 102. Kd5 Nb6+ 103. Kd6 Nc4+ 104. Kc7 Kb4 105. Kc6 Kb3 106. Kc5 Nb2 107. Qe3+ Kc2 108. Qd4 Nd3+ 109. Kc4 Nb2+ 110. Kb4 Nd3+ 111. Ka3 Kd2 112. Qe4 Nf2 113. Qe5 Nd3 114. Qe6 Kc3 115. Qe3 Kc4 116. Qe4+ Kc3 117. Qd5 Kc2 118. Ka4 Kc3 119. Kb5 Kc2 120. Qd4 Nb2 121. Qe3 Nd3 122. Kc4 Nb2+ 123. Kd4 Nd1 124. Qd3+ Kc1 125. Qe2 Nb2 126. Kc3 Na4+ 127. Kb3 Nc5+ 128. Kb4 Nb7 129. Kc3 Nc5 130. Qc2# 1-0

[Event "XXVI. Rhein-Main-Open, Gruppe B"]
[Site "Bad Homburg vor der Höhe"]
[Date "2024.06.01"]
[Round "5"]
[White "Gaertner, David"]
[Black "Nikonenko, Hlib"]
[Result "1/2-1/2"]
[WhiteElo "1637"]
[BlackElo "1648"]
[PlyCount "43"]
[EventDate "2024.??.??"]
[WhiteTeam "Sfr.Mainz 1928"]
[BlackTeam "SV Oberursel"]

1. d4 e6 2. c4 d5 3. Nf3 Nf6 4. g3 b6 5. Bg2 Nbd7 6. O-O Bb7 7. Nc3 Bd6 8. e4 dxe4 9. Ng5 O-O 10. Ngxe4 Nxe4 11. Nxe4 Be7 12. Nf6+ Nxf6 13. Bxb7 Rb8 14. Bg2 c5 15. dxc5 Bxc5 16. Bf4 Qxd1 17. Raxd1 Rbd8 18. Bf3 Rd4 19. Rxd4 Bxd4 20. b3 e5 21. Rd1 Re8 22. Kg2 1/2-1/2

[Event "XXVI. Rhein-Main-Open, Gruppe B"]
[Site "Bad Homburg vor der Höhe"]
[Date "2024.06.01"]
[Round "5"]
[White "Ghaznavi, Massoud"]
[Black "Faisz, David"]
[Result "0-1"]
[WhiteElo "1664"]
[BlackElo "1565"]
[PlyCount "140"]
[EventDate "2024.??.??"]
[WhiteTeam "SV Oberursel"]
[BlackTeam "SK 1926 Ettlingen"]

1. d4 d5 2. Nc3 Nf6 3. h3 Nc6 4. Nf3 Bf5 5. a3 e6 6. Bg5 Be7 7. Bh4 O-O 8. e3 Ne4 9. Bxe7 Qxe7 10. Nxe4 Bxe4 11. Nd2 Bg6 12. Bb5 Qd6 13. O-O a6 14. Be2 e5 15. c4 exd4 16. cxd5 Qxd5 17. Bf3 Qd8 18. Nc4 dxe3 19. fxe3 Qxd1 20. Raxd1 Rad8 21. Bxc6 bxc6 22. Ne5 Rxd1 23. Rxd1 Be4 24. Rd7 f6 25. Nc4 Rf7 26. Rd8+ Rf8 27. Rd4 Bd5 28. Nd2 f5 29. Ra4 Rd8 30. Nb1 Be4 31. Nc3 Bd3 32. Kf2 Kf7 33. Ra5 g6 34. Rc5 Rd6 35. Na2 Bb5 36. Ke1 Rd3 37. Nc3 Rxe3+ 38. Kf2 Re6 39. b3 Ke7 40. Kf3 Kd6 41. b4 Re5 42. Rxe5 Kxe5 43. Ke3 f4+ 44. Kf3 Kf5 45. h4 h5 46. Nd1 Bc4 47. g3 Bd5+ 48. Kf2 Kg4 49. gxf4 Kxf4 50. a4 Bb3 51. Nc3 Kg4 52. a5 Kxh4 53. Ne4 g5 54. Kg1 Bd5 55. Nc5 Bc4 56. Ne4 Kg4 57. Nf6+ Kh4 58. Kh2 g4 59. Ne4 Bd3 60. Ng3 Kg5 61. Kg2 h4 62. Nh1 Be4+ 63. Kh2 Bxh1 64. Kxh1 Kf4 65. Kg2 h3+ 66. Kf2 g3+ 67. Kg1 Kf3 68. Kh1 g2+ 69. Kg1 h2+ 70. Kxh2 Kf2 0-1

[Event "XXVI. Rhein-Main-Open, Gruppe B"]
[Site "Bad Homburg vor der Höhe"]
[Date "2024.06.01"]
[Round "5"]
[White "Glavev, Danail"]
[Black "Schneider, Wolfram"]
[Result "0-1"]
[WhiteElo "1683"]
[BlackElo "1914"]
[PlyCount "86"]
[EventDate "2024.??.??"]
[WhiteTeam "SK Bad Homburg 1927"]
[BlackTeam "SK Marburg 1931/72"]

1. e4 c5 2. Nc3 d6 3. Bb5+ Nc6 4. Bxc6+ bxc6 5. d3 g6 6. f4 Bg7 7. Nf3 e6 8. O-O Ne7 9. Qe1 Qb6 10. Kh1 Ba6 11. Rb1 c4 12. dxc4 Bxc4 13. Rg1 d5 14. b3 Ba6 15. Na4 Qc7 16. e5 Bc8 17. g4 h5 18. g5 O-O 19. Ba3 Rd8 20. Bd6 Rxd6 21. exd6 Qxd6 22. Qd2 d4 23. Nb2 Nd5 24. Nd3 Bb7 25. Rge1 c5 26. Kg1 Nc3 27. Nfe5 Qd5 28. Rf1 Nxb1 29. Rxb1 Qh1+ 30. Kf2 Qxh2+ 31. Ke1 Qg1+ 32. Ke2 Qxb1 33. Nxc5 Bxe5 34. fxe5 Rc8 35. b4 Bd5 36. Kd3 Rxc5 37. bxc5 Qb5+ 38. Kxd4 Qc4+ 39. Ke3 Qe4+ 40. Kf2 Qg2+ 41. Ke1 Qxd2+ 42. Kxd2 h4 43. c4 Bc6 0-1

[Event "XXVI. Rhein-Main-Open, Gruppe B"]
[Site "Bad Homburg vor der Höhe"]
[Date "2024.06.01"]
[Round "5"]
[White "Glavev, Victor"]
[Black "Lao, Theodora Siyuan"]
[Result "1-0"]
[WhiteElo "1483"]
[BlackElo "1088"]
[PlyCount "111"]
[EventDate "2024.??.??"]
[WhiteTeam "SK Bad Homburg 1927"]
[BlackTeam "SK Bad Homburg 1927"]

1. e4 e5 2. Nf3 Nc6 3. d4 exd4 4. Bc4 Nf6 5. e5 d5 6. Bb5 Ne4 7. Nxd4 Bd7 8. c3 Bc5 9. O-O Nxd4 10. Bxd7+ Qxd7 11. cxd4 Be7 12. Nc3 O-O 13. Qf3 Nxc3 14. bxc3 Qe6 15. Rb1 b6 16. h3 Qg6 17. Bf4 c6 18. Rb2 Qe4 19. Qxe4 dxe4 20. Re1 f5 21. e6 Rf6 22. f3 Rxe6 23. g4 fxg4 24. hxg4 Rf6 25. Bg5 Rf7 26. Bxe7 Rxe7 27. fxe4 Rae8 28. e5 Kf7 29. Kg2 Kg6 30. Kh3 c5 31. Rb5 cxd4 32. cxd4 Re6 33. Kg3 Rf8 34. d5 a6 35. Rb4 a5 36. Rb5 Re7 37. Rxb6+ Rf6 38. exf6 Rxe1 39. fxg7+ Kxg7 40. Ra6 Re3+ 41. Kh4 Re5 42. Rxa5 Kf7 43. Kg3 Kg6 44. Kf4 Rg5 45. Ra6+ Kf7 46. Kxg5 Ke7 47. Kf5 Kf7 48. Ra7+ Ke8 49. Kf6 Kd8 50. Ke6 Kc8 51. Rxh7 Kb8 52. Kd6 Kc8 53. g5 Kb8 54. Kc6 Ka8 55. Kb6 Kb8 56. Rh8# 1-0

[Event "XXVI. Rhein-Main-Open, Gruppe B"]
[Site "Bad Homburg vor der Höhe"]
[Date "2024.06.01"]
[Round "5"]
[White "Graef, Kilian Gabriel"]
[Black "Krischak, Werner"]
[Result "0-1"]
[WhiteElo "1683"]
[BlackElo "1791"]
[PlyCount "102"]
[EventDate "2024.??.??"]
[WhiteTeam "SV Frankfurt Nord 1926"]
[BlackTeam "SK Marburg 1931/72"]

1. d4 d5 2. c4 c6 3. Nc3 Nf6 4. Nf3 dxc4 5. a4 Bf5 6. g3 e6 7. Bg2 Bb4 8. O-O O-O 9. Ne5 Nbd7 10. Nxc4 Bg6 11. Qb3 a5 12. Na2 Qe7 13. Nxb4 axb4 14. Bd2 c5 15. dxc5 Nxc5 16. Qxb4 Nd5 17. Bxd5 exd5 18. Nb6 Qxe2 19. Nxa8 Nd3 20. Rae1 Qxf1+ 21. Kxf1 Nxb4 22. Nb6 Nd3 23. Nd7 Nxe1 24. Nxf8 Nf3 25. Nxg6 hxg6 26. Ke2 Nd4+ 27. Kd3 Ne6 28. b4 Kf8 29. a5 Ke7 30. Bf4 Kd7 31. b5 g5 32. Bb8 Ke8 33. Bd6 Kd7 34. Bb8 Kc8 35. Ba7 Nc7 36. Bd4 Nxb5 37. Bxg7 Kd7 38. Bh6 g4 39. Be3 Kd6 40. Bb6 Kc6 41. Ke3 Nd6 42. Kd4 Nc4 43. Bd8 Nd2 44. Ke5 Nf3+ 45. Kf4 Nxh2 46. Bf6 Kb5 47. a6 bxa6 48. Ke5 Kc4 49. Bd8 d4 50. Ke4 d3 51. Ke3 Nf1+ 0-1

[Event "XXVI. Rhein-Main-Open, Gruppe B"]
[Site "Bad Homburg vor der Höhe"]
[Date "2024.06.01"]
[Round "5"]
[White "Graf, Michael"]
[Black "Brunner, Andreas"]
[Result "1-0"]
[WhiteElo "1775"]
[BlackElo "1643"]
[PlyCount "83"]
[EventDate "2024.??.??"]
[WhiteTeam "Schachunion Schorndorf e.V."]
[BlackTeam "FV Berkersheim"]

1. b4 e5 2. Bb2 d5 3. Bxe5 Nd7 4. Bb2 Ngf6 5. b5 Bb4 6. a3 Ba5 7. e3 O-O 8. Nf3 c6 9. c4 Re8 10. Nc3 Nb6 11. Qb3 Bf5 12. c5 Nbd7 13. d4 Rb8 14. a4 h6 15. Be2 Ne4 16. O-O Ndf6 17. Nxe4 Bxe4 18. Rfd1 g5 19. Ne5 Qc7 20. Bc3 Bxc3 21. Qxc3 Nd7 22. Nxd7 Qxd7 23. Bd3 Qg4 24. Bxe4 Qxe4 25. Qd3 f5 26. Qxe4 fxe4 27. Rab1 Re6 28. Rd2 cxb5 29. axb5 a6 30. Ra2 axb5 31. Rxb5 Rc6 32. h3 Kf8 33. Ra7 Kf7 34. Rbxb7+ Rxb7 35. Rxb7+ Kf6 36. Rh7 Kf5 37. g4+ Kg6 38. Rd7 Rc8 39. Rxd5 Rf8 40. Re5 Rf3 41. Kg2 h5 42. Rxe4 1-0

[Event "XXVI. Rhein-Main-Open, Gruppe B"]
[Site "Bad Homburg vor der Höhe"]
[Date "2024.06.01"]
[Round "5"]
[White "Hees, Robin"]
[Black "Boscher, Hans"]
[Result "1-0"]
[WhiteElo "1552"]
[BlackElo "1750"]
[PlyCount "41"]
[EventDate "2024.??.??"]
[WhiteTeam "SK Bad Homburg 1927"]
[BlackTeam "SC Bad Soden"]

1. d4 Nf6 2. c4 e6 3. g3 d5 4. Bg2 Bb4+ 5. Bd2 Be7 6. Nf3 O-O 7. O-O Nbd7 8. Qc2 c6 9. cxd5 exd5 10. Nc3 Re8 11. Rfe1 Bd6 12. h3 Nb6 13. Nh4 Nc4 14. Bc1 Bb4 15. e4 dxe4 16. Bg5 Qxd4 17. Bxf6 gxf6 18. Rad1 Qb6 19. Nxe4 Be6 20. Nxf6+ Kf8 21. Rxe6 1-0

[Event "XXVI. Rhein-Main-Open, Gruppe B"]
[Site "Bad Homburg vor der Höhe"]
[Date "2024.06.01"]
[Round "5"]
[White "Henn, Jochen"]
[Black "Goodwin, David"]
[Result "1-0"]
[WhiteElo "1671"]
[BlackElo "1661"]
[PlyCount "59"]
[EventDate "2024.??.??"]
[WhiteTeam "SC Bad Nauheim"]
[BlackTeam "SV 1920 Kelsterbach"]

1. e4 g6 2. Nf3 Bg7 3. Bc4 d6 4. d3 Nc6 5. a3 Nf6 6. O-O O-O 7. Re1 Bg4 8. c3 Ne5 9. Nbd2 Nxc4 10. Nxc4 h6 11. h3 Bd7 12. e5 Ne8 13. d4 d5 14. Ne3 c6 15. Ng4 Kh7 16. Qd2 Bxg4 17. hxg4 g5 18. Qd3+ Kg8 19. Bxg5 Nc7 20. Bh4 Ne6 21. Qf5 Bh8 22. Qh5 Bg7 23. g5 Kh7 24. gxh6 Bxh6 25. Bg5 Nxg5 26. Nxg5+ Kg7 27. Re3 e6 28. Rg3 Qe7 29. Nxe6+ Kh7 30. Rg7+ 1-0

[Event "XXVI. Rhein-Main-Open, Gruppe B"]
[Site "Bad Homburg vor der Höhe"]
[Date "2024.06.01"]
[Round "5"]
[White "Hensel, Roman"]
[Black "Leopold, Dieter"]
[Result "1-0"]
[WhiteElo "1743"]
[BlackElo "1844"]
[Annotator "thoma"]
[PlyCount "63"]
[EventDate "2024.??.??"]
[WhiteTeam "SV Oberursel"]
[BlackTeam "SK Königsspringer Wewels"]

{[%evp 0,16,25,25,25,25,41,3,41,33,26,-3,-3,3,12,2,72,60,78]} 1. d4 Nf6 2. c4 e6 3. Nf3 b6 4. g3 Bb4+ 5. Bd2 Be7 6. Bg2 Bb7 7. Bf4 d6 8. Nc3 Nbd7 9. O-O O-O 10. Qc2 Qc8 11. e4 Nh5 12. Bd2 g6 13. a4 a5 14. e5 dxe5 15. Nxe5 Bxg2 16. Kxg2 Qb7+ 17. Qe4 Qxe4+ 18. Nxe4 Nxe5 19. dxe5 Rfd8 20. Be3 Rd3 21. c5 Rb3 22. Rfd1 Rxb2 23. Rd7 Re8 24. Rxc7 bxc5 25. Nd6 Bxd6 26. exd6 Rd8 27. d7 Nf6 28. Rd1 Nd5 29. Rxd5 exd5 30. Rc8 Rb8 31. Rxb8 Rxb8 32. Bg5 1-0

[Event "XXVI. Rhein-Main-Open, Gruppe B"]
[Site "Bad Homburg vor der Höhe"]
[Date "2024.06.01"]
[Round "5"]
[White "Hofmann, Marco"]
[Black "Gerber, Ingo"]
[Result "1/2-1/2"]
[WhiteElo "1404"]
[BlackElo "1719"]
[PlyCount "58"]
[EventDate "2024.??.??"]
[WhiteTeam "VSG 1880 Offenbach"]
[BlackTeam "Sfr.Mainz 1928"]

1. d4 Nf6 2. Nf3 e6 3. e3 d5 4. Bd3 c5 5. c3 Nc6 6. O-O Bd6 7. Nbd2 O-O 8. dxc5 Bxc5 9. e4 dxe4 10. Nxe4 Nxe4 11. Bxe4 Qxd1 12. Rxd1 f6 13. b4 Bb6 14. a4 Rd8 15. Rxd8+ Nxd8 16. a5 Bc7 17. Be3 Bd7 18. Rd1 Bc6 19. Bxc6 Nxc6 20. g3 Rd8 21. Rxd8+ Bxd8 22. Nd4 Nxd4 23. Bxd4 a6 24. c4 Kf8 25. Bc3 Ke7 26. b5 Kd7 27. Kf1 Kd6 28. bxa6 bxa6 29. Ke2 Kc5 1/2-1/2

[Event "XXVI. Rhein-Main-Open, Gruppe B"]
[Site "Bad Homburg vor der Höhe"]
[Date "2024.06.01"]
[Round "5"]
[White "Iannotti, Tim"]
[Black "Liu, Jonas"]
[Result "0-1"]
[WhiteElo "1094"]
[BlackElo "1632"]
[PlyCount "86"]
[EventDate "2024.??.??"]
[WhiteTeam "SV Oberursel"]
[BlackTeam "SV Oberursel"]

1. e4 c5 2. Nf3 Nc6 3. d4 cxd4 4. Nxd4 g6 5. Nc3 Bg7 6. Be3 Nf6 7. Bb5 O-O 8. O-O a6 9. Nxc6 bxc6 10. Bc4 Rb8 11. Bb3 d6 12. Qd3 Ng4 13. Bd4 Ne5 14. Qg3 c5 15. Be3 c4 16. Ba4 Ng4 17. Rab1 Nxe3 18. Qxe3 Qa5 19. Bc6 e6 20. Qa7 Rb6 21. Qc7 Qc5 22. Na4 Rxc6 23. Nxc5 Rxc7 24. Na4 Bb7 25. Rfe1 d5 26. exd5 exd5 27. b3 c3 28. Rbd1 d4 29. f4 Rd8 30. Rd3 Bf6 31. g3 Re7 32. Rxe7 Bxe7 33. Nb6 Bc5 34. Nc4 Be4 35. Rd1 Bxc2 36. Re1 d3+ 37. Kg2 d2 38. Nxd2 cxd2 39. Re5 Bd4 40. Rg5 d1=Q 41. Kh3 Qf1+ 42. Kh4 Bf5 43. g4 Bf2# 0-1

[Event "XXVI. Rhein-Main-Open, Gruppe B"]
[Site "Bad Homburg vor der Höhe"]
[Date "2024.06.01"]
[Round "5"]
[White "Keller, Konstantin"]
[Black "Wolf, Aurelia"]
[Result "1-0"]
[WhiteElo "1686"]
[BlackElo "1498"]
[PlyCount "79"]
[EventDate "2024.??.??"]
[WhiteTeam "SV 1920 Hofheim"]
[BlackTeam "SK Bad Homburg 1927"]

1. d4 d5 2. c4 e6 3. Nc3 Nf6 4. cxd5 exd5 5. Bg5 Be7 6. e3 O-O 7. Bd3 h6 8. Bh4 Nbd7 9. Nf3 c6 10. O-O b6 11. Rb1 Bb7 12. b4 Rc8 13. Qa4 a6 14. Rfc1 b5 15. Qc2 a5 16. a3 a4 17. Bf5 Re8 18. Ne5 Rc7 19. Nxb5 Nxe5 20. Nxc7 Qxc7 21. dxe5 Qxe5 22. Bg3 Qxg3 23. hxg3 Bd6 24. Qxa4 Ra8 25. Qb3 Be7 26. a4 Bd6 27. a5 Be7 28. Ra1 Ra6 29. Bd3 Ra7 30. a6 Ba8 31. b5 cxb5 32. Rc8+ Bf8 33. Qb4 Ne4 34. Qxf8+ Kh7 35. f3 h5 36. fxe4 dxe4 37. Rxa8 Rxa8 38. Bxe4+ Kh6 39. Qxf7 Rd8 40. Qg6# 1-0

[Event "XXVI. Rhein-Main-Open, Gruppe B"]
[Site "Bad Homburg vor der Höhe"]
[Date "2024.06.01"]
[Round "5"]
[White "Kesavan, Sarvesh"]
[Black "Kaiser, Danny"]
[Result "1/2-1/2"]
[WhiteElo "1670"]
[BlackElo "1103"]
[PlyCount "70"]
[EventDate "2024.??.??"]
[WhiteTeam "SK Bad Homburg 1927"]
[BlackTeam "SC Bad Nauheim"]

1. e4 e5 2. Nf3 Nc6 3. Bc4 Nf6 4. d3 Bc5 5. c3 d6 6. O-O O-O 7. h3 h6 8. Re1 Re8 9. Nbd2 a6 10. a4 Be6 11. Ba2 Bxa2 12. Rxa2 d5 13. exd5 Qxd5 14. Nb3 Rad8 15. c4 Qd6 16. Nxc5 Qxc5 17. b3 e4 18. Nh2 Rxd3 19. Rd2 Rxd2 20. Bxd2 Ne5 21. Be3 Qd6 22. Bf4 Qxd1 23. Rxd1 g5 24. Bxe5 Rxe5 25. Rd8+ Kg7 26. Rb8 b6 27. Rc8 e3 28. fxe3 Rxe3 29. Rxc7 Rxb3 30. Nf3 Kg6 31. Ne5+ Kf5 32. Nxf7 Rb4 33. Nxh6+ Kf4 34. Rc6 Ne4 35. Kh2 Nc3 1/2-1/2

[Event "XXVI. Rhein-Main-Open, Gruppe B"]
[Site "Bad Homburg vor der Höhe"]
[Date "2024.06.01"]
[Round "5"]
[White "Li, Xiao Teng"]
[Black "Noll, Raphael"]
[Result "1/2-1/2"]
[WhiteElo "1276"]
[BlackElo "1776"]
[PlyCount "32"]
[EventDate "2024.??.??"]
[WhiteTeam "SK Bad Homburg 1927"]
[BlackTeam "SK Marburg 1931/72"]

1. c4 c5 2. Nc3 Nf6 3. g3 g6 4. Bg2 Nc6 5. e3 e6 6. d4 cxd4 7. exd4 d5 8. cxd5 Nxd5 9. Nge2 Bg7 10. Nxd5 exd5 11. Be3 O-O 12. Nc3 Be6 13. Qd2 Re8 14. O-O Qd7 15. Rfe1 Rad8 16. Rad1 Qc7 1/2-1/2